Old Persian : (Record no. 43925)
[ view plain ]
| 000 -LEADER | |
|---|---|
| fixed length control field | 01061cam a2200325Ia 4500 |
| 001 - CONTROL NUMBER | |
| control field | 166227 |
| 003 - CONTROL NUMBER IDENTIFIER | |
| control field | SIRSI |
| 005 - DATE AND TIME OF LATEST TRANSACTION | |
| control field | 20181002113631.0 |
| 008 - FIXED-LENGTH DATA ELEMENTS--GENERAL INFORMATION | |
| fixed length control field | 711022e1961 ctu b 0 eng u |
| 010 ## - LIBRARY OF CONGRESS CONTROL NUMBER | |
| LC control number | 55003021 |
| -- | AAK-1026 |
| 035 ## - SYSTEM CONTROL NUMBER | |
| System control number | (Sirsi) o00166227 |
| 035 ## - SYSTEM CONTROL NUMBER | |
| System control number | (Sirsi) 01-AAJ-3051 |
| 036 ## - ORIGINAL STUDY NUMBER FOR COMPUTER DATA FILES | |
| Original study number | u92824 |
| 040 ## - CATALOGING SOURCE | |
| Transcribing agency | AKR |
| Modifying agency | TSW |
| 041 0# - LANGUAGE CODE | |
| Language code of text/sound track or separate title | engpeo |
| 049 ## - LOCAL HOLDINGS (OCLC) | |
| Holding library | TSWB |
| Copy statement | 1, 2 |
| 090 ## - LOCALLY ASSIGNED LC-TYPE CALL NUMBER (OCLC); LOCAL CALL NUMBER (OCLC) | |
| Classification number (OCLC) (R) ; Classification number, CALL (RLIN) (NR) | PK6121 |
| Local cutter number (OCLC) ; Book number/undivided call number, CALL (RLIN) | .K4 1954 |
| 100 1# - MAIN ENTRY--PERSONAL NAME | |
| Personal name | Kent, Roland G. |
| Fuller form of name | (Roland Grubb), |
| Dates associated with a name | 1877-1952. |
| 245 10 - TITLE STATEMENT | |
| Title | Old Persian : |
| Remainder of title | grammar, texts, lexicon. |
| 250 ## - EDITION STATEMENT | |
| Edition statement | 2d ed., rev. |
| 260 ## - PUBLICATION, DISTRIBUTION, ETC. (IMPRINT) | |
| Place of publication, distribution, etc | New Haven, Conn. : |
| Name of publisher, distributor, etc | American Oriental Society, |
| Date of publication, distribution, etc | [1961] c1953. |
| 300 ## - PHYSICAL DESCRIPTION | |
| Extent | xi, 219 p. |
| Other physical details | 3 plates. |
| 490 1# - SERIES STATEMENT | |
| Series statement | American oriental series. ; |
| Volume number/sequential designation | v. 33. |
| 500 ## - GENERAL NOTE | |
| General note | "The texts with notes and translation": p.116-163. |
| 504 ## - BIBLIOGRAPHY, ETC. NOTE | |
| Bibliography, etc | "General bibliography": p. 1-2. "Description and bibliography of the inscriptions": p. 107-115. |
| 650 #0 - SUBJECT ADDED ENTRY--TOPICAL TERM | |
| Topical term or geographic name as entry element | Old Persian language. |
| 830 #0 - SERIES ADDED ENTRY--UNIFORM TITLE | |
| Uniform title | American oriental series. ; |
| Volume number/sequential designation | v. 33. |
| 945 ## - LOCAL PROCESSING INFORMATION (OCLC) | |
| a | PK6121 .K4 1954 |
| 945 ## - LOCAL PROCESSING INFORMATION (OCLC) | |
| a | PK6121 .K4 1954 |
No items available.
